| 000 | 01342cam a22002894a 4500 | ||
|---|---|---|---|
| 001 | 1214181 | ||
| 005 | 20071031161520.0 | ||
| 008 | 990513s2000 flua |db 001 0 eng | ||
| 010 | _a 99033175 | ||
| 020 | _a0849374340 (alk. paper) | ||
| 040 |
_aDLC _cDLC _dDLC |
||
| 042 | _apcc | ||
| 050 | 0 | 0 |
_aTG145 _b.B85 2000 |
| 082 | 0 | 0 |
_a624.2 _222 _bBRI |
| 245 | 0 | 0 |
_aBridge Engineering Handbook / _cEdited by Wai-Fah Chen, Lian Duan. |
| 260 |
_aBoca Raton, FL : _bCRC Press, 2000 _cc2000. |
||
| 300 |
_a1 v. (various pagings) : _bill. ; _c26 cm. |
||
| 504 | _aIncludes index | ||
| 650 | 0 |
_aBridges _xDesign and construction. _911953 |
|
| 700 | 1 |
_aChen, Wai-Fah, _d1936- _911954 |
|
| 700 | 1 |
_aDuan, Lian. _911955 |
|
| 856 | 4 | 2 |
_3Publisher description _uhttp://www.loc.gov/catdir/enhancements/fy0744/99033175-d.html |
| 942 |
_2ddc _cREFERENCE |
||
| 999 |
_c13522 _d13522 |
||